00727nam a2200181 i 450000100060000000300090000600500170001500700030003200800410003510000510007624500600012726000520018730000530023965100850029285200310037799900170040895201200042543567ES-MaACL20240207063017.0t|030318s1952 sp ||||1| spa d1 aCastroviejo, José María,d1909-198393699310aRías Bajas de Galicia / cJosé María Castroviejo. aBarcelona : bNoguer, c[1952] (fImp. Moderna) a37 p., 30 lám., 1 map. pleg. suelto ; c19 cm. 4aRías Bajas (La Coruña y Pontevedra, Comarca)-vGuías turísticas.9163655 aES-MaACLjC-9312 bR.35813 c43567d43567 00104070aATENEOMbATENEOMcSPALd2008-01-17eSCl0oC-9312p1045862r2023-02-23 00:00:00w2023-02-23yMONOGRAFIA